[Event "Begrüßungsturnier Super Nova 3"]
[Site "Turnierstufe"]
[Date "2023.05.04"]
[Round "1"]
[White "Super Nova"]
[Black "Prisma"]
[Result "0-1"]
[WhiteElo "1794"]
[BlackElo "1832"]
[EventDate "????.??.??"]
[PlyCount "113"]

{Ein problemloser Sieg für Prisma, Super Nova spielt 'unkonzentriert'.} 1.d4 d5 
2.Nc3 Nf6 3.Bg5 Nbd7 {Buchende.} 4.Nf3 {Buchende.} 4...e6 5.e4 dxe4 6.Nxe4 h6 
7.Bxf6 Nxf6 8.Nxf6+ Qxf6 9.Bd3 Bd6 10.O-O O-O 11.Re1 Rd8 12.Ne5 c5 13.c3 cxd4 
14.cxd4 Bd7 15.Rc1 Qe7 16.Qf3 Bxe5 17.dxe5 Bc6 18.Qg3 Bd5 19.Bb1 Rac8 20.Rxc8 
Rxc8 21.Rd1 Qc7 22.Qd3 Kf8 23.Qa3+ Kg8 24.Qe3 Qc4 25.h3 Qb5 26.b3 Qc6 27.Qd3 g6 
28.Qe3 Bxg2 29.Qxh6 Bf3 30.Re1 $2 ( 30.Bxg6 $1 fxg6 31.Qxg6+ Kf8 32.Qf6+ Kg8 
33.Qg6+ {und Remis.} ) 30...Bh1 31.Qg5 Qc3 32.Qe3 Bd5 33.Bd3 Qa5 34.Qe2 Bf3 
35.Qe3 Bc6 36.Re2 Bd5 37.Rb2 b6 38.b4 $2 {Super Nova kann nicht mehr alle Löcher
stopfen.} 38...Qa3 39.Qd2 Kg7 40.f4 Rc4 41.Rc2 Rxb4 42.Kf2 Rd4 43.Rc3 Qa5 
44.Ke3 Qa4 45.Qh2 Bxa2 46.Qb2 Rb4 47.Qh2 Bb1 48.Qg3 Bxd3 49.Rxd3 Re4+ 50.Kf3 
Qc4 51.Re3 Rxe3+ 52.Kxe3 Qc3+ 53.Kf2 Qxg3+ {(-5.53)} 54.Kxg3 {(-6.05)} 54...a5 
55.h4 a4 56.f5 gxf5 57.Kf3 {(-9.99)} 0-1

[Event "Begrüßungsturnier Super Nova 3"]
[Site "Turnierstufe"]
[Date "2023.05.05"]
[Round "2"]
[White "Prisma"]
[Black "Super Nova"]
[Result "1/2-1/2"]
[WhiteElo "1841"]
[BlackElo "1785"]
[EventDate "????.??.??"]
[PlyCount "63"]

{Die beidseitigen Fehler gleichen sich am Ende aus.} 1.d4 Nf6 2.c4 {Buchende.} 
2...b6 {Buchende.} 3.Bf4 d5 4.e3 e6 5.Nf3 Bb4+ 6.Nc3 Bxc3+ 7.bxc3 Ne4 $6 {zu
früh.} 8.Qc2 O-O 9.Bd3 f5 10.cxd5 exd5 11.c4 c6 12.cxd5 cxd5 13.O-O Bb7 14.Bc7 
Qe7 15.Bf4 Rc8 16.Qb2 Nd7 17.Rac1 Qf6 18.Rxc8+ Rxc8 19.Qa3 a6 20.Ne5 Nxe5 
21.Bxe5 Qh4 $2 22.f4 $2 ( 22.f3 Nd2 23.Qd6 Qh5 24.Qxb6 Qf7 25.Bxf5 ) 22...h6 $2 
( 22...Rc3 $1 {gleicht aus.} ) 23.Bxe4 fxe4 24.Qd6 Qg4 25.Qe7 $2 {Beide sind in
dieser Phase kombinatorisch überfordert.} ( 25.f5 $1 Rc2 26.g3 Qh5 27.h4 Qf7 
28.f6 g6 29.Qxb6 ) 25...Rc2 26.g3 Bc6 27.Qc7 Qd7 28.Qb8+ Qe8 29.Qa7 Qd7 30.Qb8+ 
Qe8 31.Qa7 Qd7 32.Qb8+ {Remis 3x.} 1/2-1/2

[Event "Begrüßungsturnier Super Nova 3"]
[Site "Turnierstufe"]
[Date "2023.05.05"]
[Round "3"]
[White "Super Nova"]
[Black "Prisma"]
[Result "1/2-1/2"]
[WhiteElo "1787"]
[BlackElo "1839"]
[EventDate "????.??.??"]
[PlyCount "221"]

{Super Nova lässt Gewinnchancen aus und muss sich mit einem Remis zufrieden
geben.} 1.e4 e6 2.d4 d5 3.Nd2 Nf6 4.e5 Nfd7 5.Bd3 c5 6.c3 Nc6 7.Ne2 cxd4 8.cxd4 
f6 9.exf6 Nxf6 10.O-O Bd6 {Buchende.} 11.Nf3 {Buchende.} 11...O-O 12.Bf4 Bxf4 
13.Nxf4 Qd6 14.Ne2 Bd7 15.Qb3 Nb4 16.Bb1 Bb5 17.Re1 Ng4 18.Ng3 Bc4 19.Qd1 Nf6 
20.a3 Nc6 21.Ne5 Bb5 22.Bc2 Rac8 23.Rc1 Rc7 24.a4 Ba6 25.Bb1 Rfc8 26.Qd2 Nb4 
27.Rxc7 Rxc7 28.Rc1 Rxc1+ 29.Qxc1 b6 30.Qf4 Qc7 31.Qd2 Qe7 32.Qc3 Bb7 33.f4 a6 
34.f5 $1 a5 35.fxe6 g6 36.Ne2 Qxe6 37.Qc7 {(+1.99)} 37...Ba6 {(+0,37)} 38.Nf4 
Qe8 39.Qxb6 ( 39.Nfxg6 $3 ) 39...Nd7 40.Qxa5 Nxe5 41.Qxb4 Nc6 42.Qd2 Nxd4 
43.Nxd5 Qxa4 44.Nc3 Qd7 45.Ba2+ Kg7 46.Bd5 Qa7 47.Kh1 Be2 48.Qe1 Qa5 49.Qg1 Nf5 
50.b4 Qa6 51.Nxe2 Qxe2 52.Qa1+ Kh6 53.Bf3 Qd2 54.b5 Nd4 55.Bc6 Nxc6 56.bxc6 Qc2 
57.h4 Qxc6 58.Qe5 Qc4 59.Qg5+ Kg7 {Rest in je einer Stunde.} 60.h5 Qd4 61.h6+ 
Kf7 62.Kh2 Ke6 63.Kg3 Qd3+ 64.Kg4 Qe4+ 65.Kg3 Qe1+ 66.Kf3 Qf1+ 67.Kg3 Qd3+ 
68.Kh4 Qc3 69.Qg4+ Kd6 70.Qe4 Qd2 71.Kg3 Qxh6 72.Qd4+ Kc6 73.Qc4+ Kd6 74.Qd4+ 
Ke6 75.Qc4+ Ke5 76.Qc5+ Ke4 77.Qc4+ Kf5 78.Qd5+ Kf6 79.Qd4+ Ke7 80.Qc5+ Kf7 
81.Qc4+ Ke8 82.Qc8+ Ke7 83.Qc7+ Kf8 84.Qc8+ Kg7 85.Qc3+ Kg8 86.Qc4+ Kg7 87.Qd4+ 
Kf7 88.Qc4+ Ke7 89.Qc7+ Ke6 90.Qc6+ Ke5 91.Qc5+ Ke6 92.Qc6+ Kf5 93.Qd5+ Kf6 
94.Qd4+ Ke6 95.Qc4+ Kd7 96.Qd5+ Kc7 97.Qc5+ Kd8 98.Qd6+ Ke8 99.Qe6+ Kd8 
100.Qd5+ Ke7 101.Qc5+ Ke8 102.Qc6+ Kf8 103.Qc5+ Ke8 104.Qc6+ Kd8 105.Qd6+ Kc8 
106.Qc6+ Kb8 107.Qb6+ Kc8 108.Qc6+ Kb8 109.Qb6+ Ka8 110.Qa6+ Kb8 111.Qb6+ 
{Remis 3x} 1/2-1/2

[Event "Begrüßungsturnier Super Nova 3"]
[Site "Turnierstufe"]
[Date "2023.05.06"]
[Round "4"]
[White "Prisma"]
[Black "Super Nova"]
[Result "1/2-1/2"]
[WhiteElo "1838"]
[BlackElo "1788"]
[EventDate "????.??.??"]
[PlyCount "290"]

{Eine Riesen-Seeschlange! Super Nova macht einen PSH-Zug, der nicht einmal
halbwegs passt, hat aber Riesenglück, weil sich Prisma im Endspiel sehr dumm
anstellt und zudem nicht mit L+S mattsetzen kann.} 1.d4 c5 {Buchende!} 2.d5 Nf6 
3.Nc3 {Buchende.} 3...d6 4.e4 e5 5.Nf3 Nbd7 6.Bd3 Be7 7.O-O b6 8.Be3 Ng4 9.Bd2 
O-O 10.h3 Ngf6 11.Be3 Bb7 12.Qe2 a6 13.a3 b5 14.b3 Qc7 15.Rfd1 Rac8 16.Qd2 c4 
17.bxc4 bxc4 18.Be2 Nc5 19.Bxc5 Qxc5 20.Rdb1 Nxe4 $4 {Ein absolut
unverständlicher Zug.} 21.Nxe4 Qxd5 22.Nc3 Qxd2 23.Nxd2 {Super Nova hat gar
nichts für sein Springeropfer.} 23...Ba8 24.Rb6 d5 25.Rxa6 e4 26.Rb1 Rcd8 
27.Ra7 Bc5 28.Ra5 Bd4 29.Nb5 Bb6 30.Ra6 Rb8 31.Nd6 Bc5 32.Rxb8 Rxb8 33.Nf5 Kf8 
34.c3 Bb7 35.Ra5 Bb6 36.Rb5 Bc6 37.Rb4 Rb7 38.Nd6 Rb8 39.Kh1 Bd7 40.a4 Bc7 
41.Rxb8+ Bxb8 42.Nb5 Ke7 43.Nf1 Bxb5 44.axb5 Kd6 45.Ne3 Kc5 46.b6 f5 47.b7 f4 
48.Nf5 g6 49.Ne7 Kd6 50.Ng8 Kc6 51.Nf6 h5 52.Kg1 Be5 53.Kf1 Bd6 54.Ke1 Bc7 
55.Bd1 Be5 56.Kd2 Bb8 57.Bc2 g5 58.Nxh5 Kxb7 59.Nf6 Kc6 60.Nh7 g4 {Rest in 1
Stunde und es wird schrecklich.} 61.hxg4 Bc7 62.g5 Kd7 63.Ba4+ Ke6 64.g6 Be5 
65.Nf8+ Kf5 66.Bc6 Bg7 67.Bd7+ Kf6 68.Ne6 Bh6 69.Ke2 Kxg6 70.Bc6 f3+ 71.gxf3 
exf3+ 72.Kxf3 Kf5 73.Bxd5 Bd2 74.Bxc4 Bxc3 75.Ke3 Bb2 76.Nd4+ Ke5 77.f4+ Kf6 
78.Bd5 Bc3 79.Kd3 Bb2 80.Ke4 Bc3 81.Ne6 Kg6 82.f5+ Kf6 83.Nc7 Ba5 84.Ne8+ Ke7 
85.Bc6 Bc3 86.Nc7 Bb2 87.Nd5+ Kf7 88.Ba4 Bg7 89.Bd7 Bb2 90.Bc6 Bg7 91.Ba4 Bb2 
92.Bb5 Bg7 93.Be2 Bb2 94.Bh5+ Kg7 95.Be8 Kf8 96.Bb5 Kf7 97.Bd7 Kg7 98.Bc8 Kh6 
99.Be6 Kg5 100.Bg8 Bg7 101.Bf7 Bb2 102.Be6 Bg7 103.Ne7 Bf6 104.Ng8 Bg7 105.Bc8 
Bb2 106.Kd5 Bg7 107.Ke6 Bf8 108.f6 Kh5 109.f7 Kg6 110.Ne7+ Kg5 111.Bd7 Bg7 
112.Nf5 Bf8 113.Ke5 Kg6 114.Be8 Bg7+ 115.Ke6 Bf8 116.Nd4 Kg5 117.Ke5 Bg7+ 
118.Kd5 Kf6 119.Ne6 Bh6 120.Kd6 Kf5 121.f8=Q+ Bxf8+ 122.Nxf8 Ke4 123.Bc6+ Ke3 
124.Ne6 Kd3 125.Kd5 Ke3 126.Kc4 Kf2 127.Kd3 Kg3 128.Ke4 Kg4 129.Nd4 Kg5 130.Nf5 
Kf6 131.Bd5 Kg6 132.Ke5 Kg5 133.Bf3 {Treibt den Gegner in die falsche Ecke.} 
133...Kg6 134.Bg4 Kg5 135.Be2 Kg6 136.Bf3 Kg5 137.Bc6 Kh5 138.Be4 Kg4 139.Bg2 
Kh5 140.Kf4 Kg6 141.Bd5 Kf6 142.Bc4 Kg6 143.Bg8 Kf6 144.Bd5 Kg6 145.Ba2 Kf6 
{Abbruch, weil Prisma nicht nicht mit L+S mattsetzen kann. Remis.} 1/2-1/2

[Event "Begrüßungsturnier Super Nova 3"]
[Site "Turnierstufe"]
[Date "2023.05.09"]
[Round "5"]
[White "Super Nova"]
[Black "Prisma"]
[Result "1-0"]
[WhiteElo "1789"]
[BlackElo "1837"]
[EventDate "????.??.??"]
[PlyCount "77"]

{Super Nova zeigt, dass sie auch kraftvoll zubeißen kann.} 1.e4 e6 2.d4 d5 
3.Nd2 dxe4 4.Nxe4 Nd7 5.Nf3 Ngf6 {Buchende.} 6.Bd3 Nxe4 7.Bxe4 {Buchende.} 
7...Be7 8.O-O Nf6 9.Bd3 O-O 10.Ne5 h6 11.Be3 Bd7 12.c4 Qe8 {Prisma hat keine
Idee und der Novag eine starke Position.} 13.Qf3 c6 14.Qg3 Nh5 $2 ( 14...Kh8 
{...} ) 15.Qg4 {Die Rechenkraft reicht nicht.} ( 15.Qh3 Nf6 16.Bxh6 $1 gxh6 
17.Qxh6 Ne4 18.Bxe4 f5 19.Bc2 {...} ) 15...Nf6 16.Qd1 Bd6 17.Qb3 
{Angriffschance vertan.} 17...b6 18.Bf4 Rd8 19.Qa4 a5 20.Qb3 Bc7 21.Rad1 Rc8 
22.Bc2 Qe7 23.Qg3 Nh5 24.Qd3 Nf6 25.Ng4 Rfd8 {Erneut die Chance zum Angriff für
den Novag.} 26.Be5 $1 {Und aus die Maus.} 26...Kf8 27.Bxf6 gxf6 28.Qh7 Qb4 
29.Qxh6+ Ke7 30.Qxf6+ Ke8 31.c5 $3 Kf8 32.Rd3 Bxh2+ 33.Kxh2 Qd2 34.Rh3 Qf4+ 
35.Qxf4 {Mattankündigung.} 35...f5 36.Rh8+ Kf7 37.Ne5+ Kf6 38.Qh4+ Kg7 39.Qh6# 1-0

[Event "Begrüßungsturnier Super Nova 3"]
[Site "Turnierstufe"]
[Date "2023.05.09"]
[Round "6"]
[White "Prisma"]
[Black "Super Nova"]
[Result "1-0"]
[WhiteElo "1826"]
[BlackElo "1800"]
[EventDate "????.??.??"]
[PlyCount "200"]

{Super Nova verliert, nachdem sie einen Königsangriff falsch berechnet.} 1.e4 
g6 2.d4 d6 3.Nf3 {Buchende.} 3...Nf6 4.Bd3 {Buchende.} 4...Bg7 5.O-O Nc6 6.Nc3 
O-O 7.a3 Bg4 8.Be3 Bh5 9.d5 Ne5 10.Be2 Nxf3+ 11.Bxf3 Bxf3 12.Qxf3 e6 13.Rae1 
exd5 14.exd5 Nd7 15.Bf4 Ne5 16.Qe2 Qd7 17.Bg5 Rfe8 18.h3 f5 19.Be3 Bf6 20.Qb5 
Qc8 21.Bh6 Bh8 22.Qb4 Qd7 23.Qb3 Nf7 24.Be3 Bg7 25.Bf4 Be5 26.Bxe5 dxe5 27.Re3 
Nd6 28.Rfe1 e4 29.Rg3 Rf8 30.Qb4 Rf7 31.Qd4 Qe8 32.Re2 f4 {Ein Angriffsversuch,
der wohl kaum durchdringt.} 33.Rg4 f3 34.gxf3 Rxf3 35.Nxe4 Qb5 36.Re3 Nf5 
37.Qd3 Qxd3 38.Rxd3 Rxd3 39.cxd3 Rd8 {Die Partie ist ausgeglichen.} 40.Nc3 Nd6 
41.Kf1 Kf7 42.Rf4+ Ke7 43.Ke2 Re8 44.Ne4 Kd7 45.Kd2 Re7 46.Nc5+ {Nun geht`s für
Schwarz abwärts.} 46...Kc8 47.Rf8+ Re8 48.Ne6 Kb8 49.Ke2 b6 50.Kf3 h6 51.Rf6 
Rg8 52.h4 Nf5 53.h5 Kb7 54.Rf7 Kb8 55.hxg6 Nh4+ 56.Ke4 Rxg6 57.Nxc7 Rg4+ 58.Ke5 
Rg5+ 59.Ke4 Rg4+ 60.Ke5 Rg5+ {Rest in je 1 Stunde.} 61.Ke6 Rg6+ 62.Kd7 Nf3 
63.Rxf3 Rg7+ 64.Kd6 Rxc7 65.d4 Rc2 66.Rf8+ Kb7 67.Rf7+ Ka6 68.b4 Rc3 69.a4 b5 
70.axb5+ Kxb5 71.Rb7+ Ka6 72.Rh7 Kb5 73.Rb7+ Ka6 74.Rb8 Rh3 75.f4 h5 76.f5 Rf3 
77.Ke6 Re3+ 78.Kd6 h4 79.f6 Rf3 80.b5+ Ka5 81.Ke6 Re3+ 82.Kd7 Rf3 83.Ke7 Re3+ 
84.Kf8 Re4 85.f7 h3 86.Kg7 h2 87.Rh8 Rg4+ 88.Kf6 Rf4+ 89.Ke6 Re4+ 90.Kd6 Rf4 
91.Ke7 Re4+ 92.Kd7 Rf4 93.Ke8 Re4+ 94.Kd8 Rf4 95.Ke7 Re4+ 96.Kf8 Re2 97.d6 Re4 
98.Rxh2 Rxd4 99.Re2 Rf4 100.d7 Kxb5 {und Aufgabe (resg).} 1-0

[Event "Begrüßungsturnier Super Nova 3"]
[Site "Turnierstufe"]
[Date "2023.05.12"]
[Round "7"]
[White "Super Nova"]
[Black "Prisma"]
[Result "1-0"]
[WhiteElo "1791"]
[BlackElo "1835"]
[EventDate "????.??.??"]
[PlyCount "111"]

{Prisma versemmelt das Turmendspiel.} 1.e4 e6 2.d4 d5 3.Nd2 Nf6 4.e5 Nfd7 5.Bd3 
c5 6.c3 Nc6 7.Ne2 cxd4 8.cxd4 f6 9.exf6 Nxf6 10.O-O Bd6 {Buchende.} 11.Nf3 
{Buchende.} 11...O-O 12.Bf4 Bxf4 13.Nxf4 Qd6 14.Ne2 e5 {In der dritten Partie
spielt Prisma hier 14 ....Ld7. Der Textzug ist gleichwertig.} 15.dxe5 Nxe5 
16.Nxe5 Qxe5 17.Nd4 $5 {Fragwürdig.} 17...Ng4 18.g3 Rxf2 19.Rxf2 Nxf2 20.Bxh7+ 
Kxh7 21.Kxf2 Bh3 22.Qd3+ Kg8 23.Kg1 Re8 24.Qd2 Qe3+ 25.Qxe3 Rxe3 26.Kf2 Rd3 
27.Nb3 Bg4 28.h4 Rf3+ 29.Kg2 Re3 30.Rf1 Re6 31.Rf4 Bd1 32.Nd4 Rb6 33.b3 Ra6 
34.a4 g6 35.Rf1 Bg4 36.Rc1 Rf6 37.Rc5 Bf5 $6 38.Nxf5 Rxf5 39.g4 ( 39.Rc7 $1 g5 
( 39...Rf7 $2 40.Rxf7 {gewinnt:} 40...Kxf7 41.Kf3 Kf6 42.g4 Ke5 43.Ke3 d4+ 
44.Kd3 a5 45.h5 g5 46.h6 Kf6 47.Kxd4 {...} ) 40.hxg5 Rxg5 41.Rxb7 {...} ) 
39...Re5 40.Rc7 Re4 {Der weiße Vorteil ist weg. Turmendspiel, weiter ohne
Kommentar.} 41.Rxb7 Rxg4+ 42.Kh3 Rf4 43.Rxa7 Rb4 44.a5 Kf8 45.Rd7 Rxb3+ 46.Kg4 
Rb5 $4 47.a6 Ra5 48.a7 d4 49.Rd8+ Ke7 50.a8=Q Rxa8 51.Rxa8 Kd6 52.Kf4 Kd5 
53.Rd8+ Kc4 54.Ke4 Kc5 55.Rd5+ Kc4 56.Rxd4+ {Das schafft die Super Nova.} 1-0

[Event "Begrüßungsturnier Super Nova 3"]
[Site "Turnierstufe"]
[Date "2023.05.15"]
[Round "8"]
[White "Prisma"]
[Black "Super Nova"]
[Result "1/2-1/2"]
[WhiteElo "1824"]
[BlackElo "1802"]
[EventDate "????.??.??"]
[PlyCount "112"]

{Super Nova übersieht den Gewinn - nach beidseitigen Fehlern wird's ein Remis.} 
1.Nf3 Nf6 2.d4 d5 3.c4 dxc4 4.Nc3 c6 5.a4 Bf5 6.e3 e6 7.Bxc4 Bb4 8.O-O 
{Buchende.} 8...O-O 9.Qb3 Qe7 {Buchende.} 10.Bd2 c5 11.dxc5 Bxc5 12.Rfd1 Nc6 
13.Nh4 Be4 14.Nxe4 Nxe4 15.Nf3 Nxd2 16.Nxd2 Na5 17.Qc3 Bb4 18.Qc2 Rac8 19.b3 
Rfd8 20.Rac1 $2 Bxd2 ( {Übersieht das saustarke} 20...a6 $1 {Der Läufer ist
aufgespießt und es droht Grundlinienmatt.} 21.Qa2 b5 22.axb5 axb5 {...} ) 
21.Rxd2 Rxd2 22.Qxd2 Qa3 23.Qc2 b5 24.axb5 Nxb3 25.Rd1 Na5 26.Bb3 Qf8 27.Qa2 
Nxb3 28.Qxb3 e5 29.e4 Qc5 30.h3 h6 31.Qd5 Qc2 32.Ra1 Qc7 33.Qc6 Qd8 34.Qb7 Rc7 
35.Qd5 Qxd5 36.exd5 {Turmendspiel!} 36...Rd7 37.d6 f5 38.Ra6 Kf7 39.g4 fxg4 
40.hxg4 Ke6 41.f3 g5 42.Kf2 Kd5 43.Ke3 Kc5 44.Ke4 Kxb5 45.Ra2 Rxd6 46.Rxa7 
{Remis, aber man weiß ja nie ...} 46...Kc5 47.Kxe5 ( 47.Rc7+ $1 ) 47...Rd3 $2 
48.Rc7+ {Jetzt sollte Schwarz verloren sein...} 48...Kb4 49.f4 {... aber nein.} 
( 49.Ke4 $1 ) 49...Re3+ 50.Kd5 gxf4 51.Rc4+ Kb3 52.Rxf4 Kc2 53.Rf7 Kd3 54.Ra7 
Ke2 55.Rh7 Kf3 56.Rxh6 Kxg4 1/2-1/2

[Event "Begrüßungsturnier Super Nova 3"]
[Site "Turnierstufe"]
[Date "2023.05.16"]
[Round "9"]
[White "Super Nova"]
[Black "Prisma"]
[Result "0-1"]
[WhiteElo "1803"]
[BlackElo "1823"]
[EventDate "????.??.??"]
[PlyCount "120"]

{Super Nova macht einen natürlichen Entwicklungszug, der leider verliert.} 1.e4 
c5 2.f4 {Buchende.} 2...e6 3.Nf3 d5 4.Nc3 dxe4 5.Nxe4 Nc6 6.Bb5 Bd7 7.O-O Nh6 
{Buchende.} 8.Bc4 Be7 9.Ne5 O-O 10.d3 Nf5 11.Bd2 $2 {Einen schlechteren Zug
gibt's in dieser Stellung kaum. Dabei ist es ein natürlicher Entwicklungszug,
den viele Menschen sicher auch gemacht hätten.} 11...Nxe5 12.fxe5 Bc6 13.Rf2 b5 
14.Bb3 c4 {Autsch.} 15.Bxc4 bxc4 16.Bc3 cxd3 17.cxd3 Qd5 18.Qf1 Rad8 19.Rd2 Bb5 
20.Ba5 Bxd3 21.Bxd8 Bxf1 22.Rxd5 exd5 23.Bxe7 Nxe7 24.Nf6+ gxf6 25.exf6 Bd3 
26.fxe7 Re8 27.g4 Rxe7 28.Rd1 Be4 29.Kf2 Kg7 30.b4 Kf6 31.h4 Ke5 32.g5 Kf4 
33.Rg1 Rc7 34.Re1 Kg4 35.Ke3 Kxh4 36.Rg1 Rc3+ 37.Kd4 Rf3 38.b5 Kh5 39.Kc5 Ra3 
40.b6 axb6+ 41.Kxb6 Rxa2 42.Rf1 Kxg5 43.Rxf7 Rc2 44.Rd7 h5 45.Rd8 Kg4 46.Rg8+ 
Kh3 47.Rd8 h4 48.Kb5 Kh2 49.Kb4 Rc4+ 50.Kb3 h3 51.Rh8 Bc2+ 52.Kb2 Bd3 53.Rh5 
Be4 54.Rh8 Bg2 55.Ra8 Kg1 56.Ra1+ Kf2 57.Ra7 h2 58.Rh7 h1=Q 59.Rxh1 Bxh1 60.Kb3 
Rc8 {und gut ist es.} 0-1

[Event "Begrüßungsturnier Super Nova 3"]
[Site "Turnierstufe"]
[Date "2023.05.17"]
[Round "10"]
[White "Prisma"]
[Black "Super Nova"]
[Result "1/2-1/2"]
[WhiteElo "1832"]
[BlackElo "1794"]
[EventDate "????.??.??"]
[PlyCount "189"]

{Super Nova gibt seinen Mehrbauern wieder ab und Prisma kann ein chaotisches
Turmendspiel nicht gewinnen. Partien nie vorzeitig abbrechen! Nachspielen!} 
1.d4 d5 2.Nf3 Nf6 3.c4 dxc4 4.Nc3 c6 5.a4 Bf5 6.e3 e6 7.Bxc4 Bb4 8.O-O 
{Buchende.} 8...O-O 9.Nh4 Bg4 {Buchende.} 10.Qb3 Qe7 11.h3 Bh5 12.g4 Bg6 
13.Nxg6 hxg6 14.Bd3 Rd8 15.Bc4 b6 16.Bd2 c5 17.dxc5 Rxd2 18.Qxb4 Nc6 19.Qb5 
Qxc5 20.Rad1 Rad8 21.Qxc5 bxc5 22.Rxd2 Rxd2 23.Rb1 Ne5 24.Bb5 c4 25.e4 $2 Nd3 
$16 26.g5 Nh7 27.Bxc4 Nxb2 28.Bb5 Nxg5 29.Kg2 e5 30.h4 Ne6 31.Kg3 Nf4 32.Kf3 f6 
33.a5 Kf7 34.Ne2 Ne6 35.Ke3 Rc2 36.f4 Nc7 $2 ( 36...exf4+ 37.Nxf4 Rc3+ 38.Kf2 
Nxf4 39.Rxb2 {...} ) 37.Bd3 exf4+ 38.Nxf4 Rh2 39.Be2 g5 40.hxg5 fxg5 41.Rxb2 
gxf4+ 42.Kxf4 $10 {... und der Mehrbauer ist weg.} 42...g5+ $5 43.Kxg5 {Hat
Super Nova tatsächlich auf das Zurückschlagen spekuliert?} ( 43.Ke5 $1 Ke7 
44.Rb7 Kd7 45.Bg4+ Kc6 46.Rxa7 {...} ) 43...Ne6+ $10 44.Kg4 Kf6 45.Kg3 Rh7 
46.Bg4 Re7 47.Rb4 Ke5 48.Bxe6 Rxe6 49.Kf3 Ra6 $6 50.Rb5+ Kd4 51.Rd5+ Kc4 52.Kf4 
Rf6+ 53.Ke5 Ra6 54.Kf5 Rc6 55.Kg5 Re6 56.Kf4 Rf6+ 57.Kg4 Ra6 58.Kf3 Rf6+ 59.Ke3 
Ra6 60.Kf2 Kb4 {Rest der Partie in 1 Stunde.} 61.e5 Re6 $2 62.Kf3 {Prisma kann
gewinnen ...} 62...Ra6 63.Ke4 Kc4 64.Rd4+ Kc3 65.Rd3+ Kb4 66.Rd5 Kc4 67.Rd7 
{... aber er schafft's nicht.} 67...Kc5 $4 ( {Einfach} 67...Rxa5 {und es wird
bei richtigem Spiel Remis.} ) 68.Rd1 {Weiter ohne Kommentar.} 68...Kc4 69.Rc1+ 
Kb4 70.Kd4 Rh6 71.Rc7 a6 72.Rc5 Rh4+ 73.Kd5 Rh5 74.Rc7 Kxa5 75.Kd6 Kb6 76.Rc2 
Rh1 77.Rb2+ Ka7 78.e6 Rd1+ 79.Kc7 Re1 80.Kd7 Rd1+ 81.Ke8 a5 82.e7 Re1 {(-3.28)} 
83.Rd2 {(+2.95)} 83...a4 84.Kd8 Kb6 85.Rb2+ $4 Kc5 86.Rc2+ Kb4 87.Rc1 Re5 
88.Rb1+ Kc4 89.e8=Q Rxe8+ 90.Kxe8 a3 91.Ra1 Kb3 92.Rb1+ Kc2 93.Re1 a2 94.Ke7 
Kb2 95.Re2+ {und Remis!!!} 1/2-1/2

[Event "Begrüßungsturnier Super Nova 4"]
[Site "Turnierstufe"]
[Date "2023.05.19"]
[Round "1"]
[White "Super Nova"]
[Black "Kishon Chesster"]
[Result "1-0"]
[WhiteElo "1795"]
[BlackElo "1840"]
[EventDate "????.??.??"]
[PlyCount "83"]

{Die erste Partie gegen das Spracklen-Programm im Kishon Chesster gewinnt die
Super Nova ziemlich souverän.} 1.c4 c5 {Buchende.} 2.g3 {Buchende.} 2...Nf6 
3.Bg2 Nc6 4.Nf3 e5 5.Nc3 Be7 6.O-O d6 7.d3 O-O 8.Nd5 Be6 9.e4 Qd7 10.Bd2 Ng4 
11.Ne1 Nd4 12.Nc2 Bxd5 13.cxd5 Rac8 14.Nxd4 cxd4 15.Bh3 f5 16.f3 Ne3 17.Bxe3 
dxe3 18.Bxf5 Rxf5 19.exf5 Qxf5 20.Qe2 Bg5 21.Rac1 Rf8 22.Rc7 Rf7 23.Rfc1 g6 
24.Kg2 Kg7 25.h4 Bd8 {Bis hierher war der Fidelity erstaunlich ruhig. Dabei ist
die Partie praktisch schon verloren. Jetzt sagt er: "Hör mal, du beginnst
gefährlich zu werden!"} 26.Rxf7+ Qxf7 27.Qxe3 Qxd5 28.Qxa7 Qxd3 {"Hey, wie wäre
es mit einem Remis?" Humor hat der Kleine ja.} 29.Qxb7+ Kg8 {"Meine Lage könnte
ein bisschen besser sein."} 30.Kh3 Qf5+ 31.Kh2 Qd3 32.Qc8 Qd2+ $4 33.Kh3 Kg7 
34.Qd7+ Kf6 35.Qxd8+ Ke6 36.Qg8+ ( 36.Rc7 Qg2+ 37.Kxg2 Kd5 38.Qa8+ Ke6 39.Qg8+ 
Kf6 40.Qf7# ) 36...Kf6 37.Rc7 {Mattankündigung.} 37...Qh2+ 38.Kxh2 e4 39.Qf8+ 
Ke6 40.Qe7+ Kf5 41.g4+ Kf4 42.Qxe4# 1-0

[Event "Begrüßungsturnier Super Nova 4"]
[Site "Turnierstufe"]
[Date "2023.05.20"]
[Round "2"]
[White "Kishon Chesster"]
[Black "Super Nova"]
[Result "0-1"]
[WhiteElo "1829"]
[BlackElo "1806"]
[EventDate "????.??.??"]
[PlyCount "84"]

{Auch die zweite Partie geht klar an die Super Nova. Der Spielstil des Fidelity
scheint dem Kittinger-Programm zu liegen - im Gegensatz zu dem von Krypton
Regency und von Saitek Prisma.} 1.d4 Nf6 2.c4 e6 3.Nc3 Bb4 4.e3 O-O 5.Nf3 d5 
6.Bd3 c5 7.O-O dxc4 8.Bxc4 Nbd7 9.Qe2 b6 10.Rd1 cxd4 11.exd4 Bb7 {Buchende.} 
12.d5 {Buchende.} 12...exd5 13.Nxd5 Re8 14.Nxf6+ Qxf6 15.Be3 Bd6 16.Ng5 Ne5 
17.Bb5 Red8 18.Qc2 Ng6 19.Bc4 Rd7 20.Nxf7 $5 Rxf7 21.Bxf7+ Kxf7 22.Qa4 Ne5 
23.f4 $2 Qg6 24.g3 Nf3+ 25.Kf2 Ke7 26.h4 Qg4 27.Qb3 $2 Qh3 ( 27...Ng5 $1 ) 
28.Rh1 $2 Nh2 $1 {Weiß ist verloren.} 29.Rhg1 Ng4+ 30.Ke1 Nxe3 31.Qxe3+ Kf8 
{Erst jetzt erkennt Super Nova seinen klaren Vorteil (+1.57)} 32.Qd3 
{"Oooouuhh, nicht gerade angenehm."} 32...Re8+ 33.Kd1 Qg4+ {(+4.57)} 34.Kd2 
Bb4+ 35.Kc1 Qc8+ ( {Matt in 7:} 35...Be4 36.Qxe4 Rxe4 37.a3 Qf5 38.b3 Re2 
39.Ra2 Rxa2 40.Rg2 Rxg2 41.axb4 Qc2# ) 36.Kb1 {"Du bist schlauer als du
aussiehst."} 36...Be4 37.Qxe4 Rxe4 38.a4 Qd7 39.Ka2 Qd5+ {Mattankündigung.} 
40.Kb1 Qd3+ 41.Ka2 Bc5 42.b3 Re2# {"Gut, du hast gewonnen. Du spielst unheimlich
gut."} 0-1

[Event "Begrüßungsturnier Super Nova 4"]
[Site "Turnierstufe"]
[Date "2023.05.22"]
[Round "3"]
[White "Super Nova"]
[Black "Kishon Chesster"]
[Result "1/2-1/2"]
[WhiteElo "1817"]
[BlackElo "1818"]
[EventDate "????.??.??"]
[PlyCount "103"]

{In Partie Nr. 3 zeigt Super Nova zu viele spekulative (PSH-?) Züge und muss
sich mit einem Remis zufrieden geben. Dabei jongliert er gekonnt in der
Remisbreite herum. Es sah während des ganzen Spiels nie so aus, als könnte der
Novag verlieren.} 1.e4 c5 2.Nf3 d6 3.d4 cxd4 4.Nxd4 Nf6 5.Nc3 a6 6.Bg5 e6 7.f4 
Be7 8.Qf3 Qc7 9.O-O-O Nbd7 10.g4 b5 11.Bxf6 {Buchende.} 11...Nxf6 {Buchende.} 
12.Bg2 e5 13.Nf5 Bxf5 14.exf5 Rc8 15.Qb7 $5 Nxg4 16.f6 $5 {Worauf spekuliert
Super Nova? Jedenfalls traut er sich was.} 16...gxf6 {"Na, ich bin gespannt, was
du jetzt machst."} 17.Rhe1 O-O 18.Qxc7 Rxc7 {"Eine Falle,was?"} 19.h3 Nh6 
20.Nd5 Rfc8 $6 {Weiß spekuliert offensichtlich auf die Fehler seines Gegners.} 
21.Nxc7 Rxc7 22.Rg1 Kf8 23.Bd5 f5 24.Rdf1 e4 25.Kd2 Bd8 26.c4 Bf6 27.cxb5 Rc5 
28.Bc6 Bd4 29.b4 Bc3+ 30.Ke2 Bxb4 31.Rb1 axb5 32.Bxe4 fxe4 33.Rxb4 d5 34.Kd2 
Nf5 35.a4 e3+ 36.Kd3 bxa4 37.Rxa4 d4 38.Ra7 Rc6 39.Ra5 Nh4 40.Rh5 Rg6 41.Rf1 
Ng2 42.Rxh7 Rb6 43.Rh8+ Ke7 44.Ra8 Rb3+ 45.Kc4 e2 46.Ra7+ Kd8 47.Rg1 Rg3 48.Rb1 
Rc3+ 49.Kxd4 Rc6 50.Raa1 Re6 51.Rb7 Rc6 52.Rbb1 {(0.00) Kishon Chesser bietet
Remis an - akzeptiert.} 1/2-1/2